000 00637cam a2200181 4500500
005 20260111080334.0
041 _afre
042 _adc
100 1 0 _aLatare, Martine
_eauthor
245 0 0 _aLa légitimité des Institutions financières indépendantes
260 _c2019.
500 _a59
690 _ahaut conseil des finances publiques
690 _ainstitutions financières indépendantes
690 _aTSCG
786 0 _nGestion & Finances Publiques | 4 | 4 | 2019-09-13 | p. 56-60 | 1969-1009
856 4 1 _uhttps://droit.cairn.info/revue-gestion-et-finances-publiques-2019-4-page-56?lang=fr&redirect-ssocas=7080
999 _c1616183
_d1616183